<?xml version="1.0" encoding="UTF-8"?><?xml-stylesheet type="text/xsl" href="static/style.xsl"?><OAI-PMH xmlns="http://www.openarchives.org/OAI/2.0/" xmlns:xsi="http://www.w3.org/2001/XMLSchema-instance" xsi:schemaLocation="http://www.openarchives.org/OAI/2.0/ http://www.openarchives.org/OAI/2.0/OAI-PMH.xsd"><responseDate>2026-04-14T14:34:17Z</responseDate><request verb="GetRecord" identifier="oai:uvadoc.uva.es:10324/61823" metadataPrefix="marc">https://uvadoc.uva.es/oai/request</request><GetRecord><record><header><identifier>oai:uvadoc.uva.es:10324/61823</identifier><datestamp>2025-01-10T08:16:18Z</datestamp><setSpec>com_10324_1166</setSpec><setSpec>com_10324_931</setSpec><setSpec>com_10324_894</setSpec><setSpec>col_10324_1338</setSpec></header><metadata><record xmlns="http://www.loc.gov/MARC21/slim" xmlns:doc="http://www.lyncode.com/xoai" xmlns:xsi="http://www.w3.org/2001/XMLSchema-instance" xmlns:dcterms="http://purl.org/dc/terms/" xsi:schemaLocation="http://www.loc.gov/MARC21/slim http://www.loc.gov/standards/marcxml/schema/MARC21slim.xsd">
<leader>00925njm 22002777a 4500</leader>
<datafield tag="042" ind1=" " ind2=" ">
<subfield code="a">dc</subfield>
</datafield>
<datafield tag="720" ind1=" " ind2=" ">
<subfield code="a">Bravo Cordoba, Francisco Javier</subfield>
<subfield code="e">author</subfield>
</datafield>
<datafield tag="720" ind1=" " ind2=" ">
<subfield code="a">García Vega, Ana</subfield>
<subfield code="e">author</subfield>
</datafield>
<datafield tag="720" ind1=" " ind2=" ">
<subfield code="a">Fuentes Pérez, Juan Francisco</subfield>
<subfield code="e">author</subfield>
</datafield>
<datafield tag="720" ind1=" " ind2=" ">
<subfield code="a">Fernandes Celestino, Leandro</subfield>
<subfield code="e">author</subfield>
</datafield>
<datafield tag="720" ind1=" " ind2=" ">
<subfield code="a">Makrakis, Sergio</subfield>
<subfield code="e">author</subfield>
</datafield>
<datafield tag="720" ind1=" " ind2=" ">
<subfield code="a">Sanz Ronda, Francisco Javier</subfield>
<subfield code="e">author</subfield>
</datafield>
<datafield tag="260" ind1=" " ind2=" ">
<subfield code="c">2022</subfield>
</datafield>
<datafield tag="520" ind1=" " ind2=" ">
<subfield code="a">Most freshwater fish need to move freely through rivers to complete their life cycles. Thus, river barriers that hinder or block their longitudinal movement (e.g., dams, culverts, gauging stations), directly affect their reproductive, feeding, and habitat routes. A holistic solution to these barriers would need to allow directed, undistracted, and bidirectional fish migration between different habitats; that is to say, it would need to allow two-way migration. The most extended solution that would allow upstream fish migration is a fishway. However, for downstream migration fish have alternate routes such as spillways, turbines, or bypasses. Studies and discussions about two-way migration and bidirectional movement through a fishway have been focused on large dams and reservoirs; thus, there is a lack of available data on other environments, less popular species, or smaller dams and weirs. In this sense, it is possible to hypothesize that a fishway, especially in a smaller facility, could enhance two-way migration by allowing bidirectional movement. Therefore, as a first step to analyzing the possibility, we studied longitudinal connectivity (two-way migration and bidirectional movements) through a small run-of-river hydropower plant (HPP) with a step-pool type fishway, a common and representative configuration of several small HPPs around the world. A potamodromous cyprinid—the Iberian barbel (Luciobarbus bocagei)—was selected as the target species. In this study, radio and PIT tracking data were collected for four different years and combined to characterize movement in the full system: fishway, turbines/spillways, and the river reach downstream (up to 3 km) and upstream (up to 4 km) from the HPP. The results demonstrated the existence of several types of movement with inter-annual and intra-annual variability. Several fish even returned over the years. This suggests that, in this type of HPP facility, a fishway can provide bidirectional connectivity and two-way migration, thus ensuring that a great proportion of fish complete their life cycles.</subfield>
</datafield>
<datafield tag="024" ind2=" " ind1="8">
<subfield code="a">Biology and Life Sciences Forum, 2022, Vol. 13, Nº. 1, 38</subfield>
</datafield>
<datafield tag="024" ind2=" " ind1="8">
<subfield code="a">2673-9976</subfield>
</datafield>
<datafield tag="024" ind2=" " ind1="8">
<subfield code="a">https://uvadoc.uva.es/handle/10324/61823</subfield>
</datafield>
<datafield tag="024" ind2=" " ind1="8">
<subfield code="a">10.3390/blsf2022013038</subfield>
</datafield>
<datafield tag="024" ind2=" " ind1="8">
<subfield code="a">38</subfield>
</datafield>
<datafield tag="024" ind2=" " ind1="8">
<subfield code="a">1</subfield>
</datafield>
<datafield tag="024" ind2=" " ind1="8">
<subfield code="a">Biology and Life Sciences Forum</subfield>
</datafield>
<datafield tag="024" ind2=" " ind1="8">
<subfield code="a">13</subfield>
</datafield>
<datafield ind1=" " ind2=" " tag="653">
<subfield code="a">Freshwater fishes</subfield>
</datafield>
<datafield ind1=" " ind2=" " tag="653">
<subfield code="a">Peces de agua dulce</subfield>
</datafield>
<datafield ind1=" " ind2=" " tag="653">
<subfield code="a">Freshwater fishes - Migration</subfield>
</datafield>
<datafield ind1=" " ind2=" " tag="653">
<subfield code="a">Fishes - Migration</subfield>
</datafield>
<datafield ind1=" " ind2=" " tag="653">
<subfield code="a">Peces - Migración</subfield>
</datafield>
<datafield ind1=" " ind2=" " tag="653">
<subfield code="a">Fish passes</subfield>
</datafield>
<datafield ind1=" " ind2=" " tag="653">
<subfield code="a">Escaleras</subfield>
</datafield>
<datafield ind1=" " ind2=" " tag="653">
<subfield code="a">Swimming pools</subfield>
</datafield>
<datafield ind1=" " ind2=" " tag="653">
<subfield code="a">Piscinas</subfield>
</datafield>
<datafield ind1=" " ind2=" " tag="653">
<subfield code="a">Freshwater fishes - Ecology</subfield>
</datafield>
<datafield ind1=" " ind2=" " tag="653">
<subfield code="a">Barbos</subfield>
</datafield>
<datafield ind1=" " ind2=" " tag="653">
<subfield code="a">Radio-tracking</subfield>
</datafield>
<datafield ind1=" " ind2=" " tag="653">
<subfield code="a">Aquatic ecology</subfield>
</datafield>
<datafield ind1=" " ind2=" " tag="653">
<subfield code="a">Ecología del agua dulce</subfield>
</datafield>
<datafield ind1=" " ind2=" " tag="653">
<subfield code="a">Marine &amp; Freshwater Sciences</subfield>
</datafield>
<datafield tag="245" ind1="0" ind2="0">
<subfield code="a">Two-way migration of a potamodromous cyprinid in a small hydropower plant with a pool type fishway</subfield>
</datafield>
</record></metadata></record></GetRecord></OAI-PMH>